| 000 | 00741nam a22002297a 4500 | ||
|---|---|---|---|
| 005 | 20250718155432.0 | ||
| 008 | 250718b |||||||| |||| 00| 0 eng d | ||
| 020 | _a978-81-938129-1-4(hbk) | ||
| 037 | _cTB | ||
| 040 |
_aAL _cAL |
||
| 041 |
_2eng _aeng |
||
| 084 |
_aO15,1J32,11 Q9 _qAL |
||
| 100 |
_aNanwaal, Preamprakash _9816155 |
||
| 245 | _aTulsidass charitanushilanam | ||
| 260 |
_aNew Delhi, India: _bAbhayudaya Prakashanam, _c2019. |
||
| 300 | _axvi,256p. | ||
| 365 |
_b750.00 _cINR |
||
| 650 | _aSANSKRIT LITERATURE | ||
| 650 | _aSANSKRIT POETRY | ||
| 942 |
_2CC _cTB _hO15,1J32,11 Q9 _n0 |
||
| 999 |
_c1434147 _d1434147 |
||